000
00352 a2200169 4500
001
190164
020
_a
85-16-02256-0
040
_c
Magnum
100
_a
Shuravel, May
240
1
0
_a
O nariz do general
_l
por
245
1
0
_a
O nariz do general
300
_a
63
362
0
_a
1999
440
1
_a
Moderna
697
_a
LITERATURA JUVENIL
942
_c
BK
999
_c
190164
_d
190164